Magnezit mesačník SMZ, a.s. Jelšava

Bibliographic Details
Format: Journal
Language:Slovak
PhysicalDescription:zv. 30 cm
Published: Jelšava Slovenské magnezitové závody [1993]-
Subjects:

MARC

LEADER 00000cas a2200000 a 4500
001 vtls008156263
003 SK-MaSNL
005 20260502012624.0
008 050525c19939999xo mr|p 0 b0slo
040 |a SNK  |b slo  |c SNK  |e AACR2 
041 |a slo 
043 |a e-xo--- 
044 |a xo  |c SK 
072 7 |a 549  |x Mineralógia  |2 konspekt 
080 |a 549.742.112  |2 2011 
080 |a (085.3)  |2 2011 
080 |a 050  |2 2011 
245 0 0 |a Magnezit  |b mesačník SMZ, a.s. Jelšava 
260 |a Jelšava  |b Slovenské magnezitové závody  |c [1993]- 
300 |a zv.  |c 30 cm 
310 |a 1x mesačne  |b 1999- 
321 |a 1x týždenne  |b [1993]-1998 
362 0 |a [1993]- 
500 |a Popis podľa: Roč. XII, č. 1 (2004) 
610 2 7 |a Slovenské magnezitové závody (Jelšava, Slovensko)  |2 SNKKA  |9 58561 
650 0 7 |a magnezit  |2 SNKPH  |9 17140 
655 7 |a podnikové periodiká  |2 SNKPH  |9 132333 
710 2 |a Slovenské magnezitové závody (Jelšava, Slovensko)  |4 pbl  |9 58561 
910 |a snk 
999 |c 6744  |d 8674 
952 |t č. 1-12  |a SNK  |b SNK  |y PREZ  |7 0  |p 17A1462001  |o snkČSB 5519/27/2019  |i snk2022/1773  |8 0  |0 0  |1 0  |4 0  |d 2022-02-02  |l 0  |r 2026-02-21 20:01:32  |w 2026-02-21 
952 |t č. 1-12  |a SNK  |b SNK  |y PREZ  |7 0  |p 17A1462002  |o snkČSB 5519/28/2020  |i snk2022/1774  |8 0  |0 0  |1 0  |4 0  |d 2022-02-02  |l 0  |r 2026-02-21 20:01:33  |w 2026-02-21 
952 |t č. 1-12  |a SNK  |b SNK  |y PREZ  |7 0  |p 17A0534318  |o snkČSB 5519/12/2004  |i snk2008/20064  |8 0  |0 0  |1 0  |4 0  |d 2008-10-17  |l 0  |r 2026-02-21 20:49:59  |w 2026-02-21 
952 |t č. 1-12  |a SNK  |b SNK  |y PREZ  |7 0  |p 17A0534319  |o snkČSB 5519/13/2005  |i snk2008/20065  |8 0  |0 0  |1 0  |4 0  |d 2008-10-17  |l 0  |r 2026-02-21 20:49:59  |w 2026-02-21 
952 |t č. 1-12  |a SNK  |b SNK  |y PREZ  |7 0  |p 17A0534320  |o snkČSB 5519/14/2006  |i snk2008/20068  |8 0  |0 0  |1 0  |4 0  |d 2008-10-17  |l 0  |r 2026-02-21 20:49:59  |w 2026-02-21 
952 |t č. 1-12  |a SNK  |b SNK  |y PREZ  |7 0  |p 17A1385303  |o snkČSB 5519/15/2007  |i snk2019/30107  |8 0  |z Spoločne zviazané r. 2007-2010  |3 Spoločne zviazané r. 2007-2010  |0 0  |1 0  |4 0  |d 2019-11-21  |l 0  |r 2026-02-21 21:46:52  |w 2026-02-21 
952 |t č. 1-12  |a SNK  |b SNK  |y PREZ  |7 0  |p 17A1385302  |o snkČSB 5519/16/2008  |i snk2019/30107  |8 0  |z Spoločne zviazané r. 2007-2010  |3 Spoločne zviazané r. 2007-2010  |0 0  |1 0  |4 0  |d 2019-11-21  |l 0  |r 2026-02-21 21:46:52  |w 2026-02-21 
952 |t č. 1-12  |a SNK  |b SNK  |y PREZ  |7 0  |p 17A1385301  |o snkČSB 5519/17/2009  |i snk2019/30107  |8 0  |z Spoločne zviazané r. 2007-2010  |3 Spoločne zviazané r. 2007-2010  |0 0  |1 0  |4 0  |d 2019-11-21  |l 0  |r 2026-02-21 22:08:25  |w 2026-02-21 
952 |t č. 1-12  |a SNK  |b SNK  |y PREZ  |7 0  |p 17A1385300  |o snkČSB 5519/18/2010  |i snk2019/30107  |8 0  |z Spoločne zviazané r. 2007-2010  |3 Spoločne zviazané r. 2007-2010  |0 0  |1 0  |4 0  |d 2019-11-21  |l 0  |r 2026-02-21 22:08:25  |w 2026-02-21 
952 |t č. 1-12  |a SNK  |b SNK  |y PREZ  |7 0  |p 17A1385298  |o snkČSB 5519/20/2012  |i snk2019/30107  |8 0  |z Spoločne zviazané r. 2011-2012  |3 Spoločne zviazané r. 2011-2012  |0 0  |1 0  |4 0  |d 2019-11-21  |l 0  |r 2026-02-21 22:08:25  |w 2026-02-21 
952 |t č. 1-12  |a SNK  |b SNK  |y PREZ  |7 0  |p 17A1385297  |o snkČSB 5519/21/2013  |i snk2019/30116  |8 0  |z Spoločne zviazané r. 2013-2018  |3 Spoločne zviazané r. 2013-2018  |0 0  |1 0  |4 0  |d 2019-11-21  |l 0  |r 2026-02-21 22:08:25  |w 2026-02-21 
952 |t č. 1-12, neúplné  |a SNK  |b SNK  |y PREZ  |7 0  |p 17A1385296  |o snkČSB 5519/22/2014  |i snk2019/30116  |8 0  |z Chýba č. 9. ; Spoločne zviazané r. 2013-2018  |3 Spoločne zviazané r. 2013-2018  |0 0  |1 0  |4 0  |d 2019-11-21  |l 0  |r 2026-02-21 22:08:25  |w 2026-02-21 
952 |t č. 1-12  |a SNK  |b SNK  |y PREZ  |7 0  |p 17A1385295  |o snkČSB 5519/23/2015  |i snk2019/30116  |8 0  |z Spoločne zviazané r. 2013-2018  |3 Spoločne zviazané r. 2013-2018  |0 0  |1 0  |4 0  |d 2019-11-21  |l 0  |r 2026-02-21 22:08:25  |w 2026-02-21 
952 |t č. 1-12  |a SNK  |b SNK  |y PREZ  |7 0  |p 17A1385294  |o snkČSB 5519/24/2016  |i snk2019/30116  |8 0  |z Spoločne zviazané r. 2013-2018  |3 Spoločne zviazané r. 2013-2018  |0 0  |1 0  |4 0  |d 2019-11-21  |l 0  |r 2026-02-21 22:08:25  |w 2026-02-21 
952 |t č. 1-12  |a SNK  |b SNK  |y PREZ  |7 0  |p 17A1385293  |o snkČSB 5519/25/2017  |i snk2019/30116  |8 0  |z Spoločne zviazané r. 2013-2018  |3 Spoločne zviazané r. 2013-2018  |0 0  |1 0  |4 0  |d 2019-11-21  |l 0  |r 2026-02-21 22:08:26  |w 2026-02-21 
952 |t č. 1-12  |a SNK  |b SNK  |y PREZ  |7 0  |p 17A1385292  |o snkČSB 5519/26/2018  |i snk2019/30116  |8 0  |z Spoločne zviazané r. 2013-2018  |3 Spoločne zviazané r. 2013-2018  |0 0  |1 0  |4 0  |d 2019-11-21  |l 0  |r 2026-02-21 22:08:26  |w 2026-02-21 
952 |t č. 1-12 + mim. vyd.  |a SNK  |b SNK  |y PREZ  |7 0  |p 17A1385299  |o snkČSB 5519/19/2011  |i snk2019/30107  |8 0  |z Spoločne zviazané r. 2011-2012  |3 Spoločne zviazané r. 2011-2012  |0 0  |1 0  |4 0  |d 2019-11-21  |l 0  |r 2026-02-21 22:10:00  |w 2026-02-21